Statistics for Football(soccer) players by country

Click here to take the quiz!

General Stats

  • This quiz has been taken 63 times
  • The average score is 15 of 15

Answer Stats

HintAnswer% Correct
Sergio AgueroArgentina
100%
Lionel MessiArgentina
100%
RonaldoBrazil
100%
PeleBrazil
100%
NeymarBrazil
100%
MarceloBrazil
100%
Steven GerrardEngland
100%
Cristiano RonaldoPortugal
100%
XaviSpain
100%
David De GeaSpain
100%
David SilvaSpain
100%
Robin Van PersieHolland
96%
Landon DonovanUsa
95%
Eden HazardBelgium
89%
James RodriguezColombia
84%

Score Distribution

Percentile by Number Answered

Percent of People with Each Score

Your Score History

You have not taken this quiz